00827nam a22002177a 4500999001900000005001700019010001500036020002700051035001400078037001300092082001000105100001600115245013300131260003900264270009200303300002000395700001700415700001600432942002400448952013700472 c191374d19137420220825114226.0 aENG-134676 a9789384726584c1295.00 aEN-118208 bDBAD/PUB a530.1 aSivaram, C. a100 Years of Einstein's Theory of Relativity:bAn Introduction to Gravity and Cosmology/cC. Sivaram, Kenath Arun and Kiren O.V. aNew DelhibAne Books Pvt Ltdc2018 a4821, Parwana Bhawan, 24 Ansari Road, DaryaganjbNew Delhie110002mkapoor@anebooks.com a225p.c24cm(hb) aArun, Kenath aO.V., Kiren 2ddccENh530.1mSIV 001040708NFICaAVbAVd2022-08-25eDBAD/PUBg1295.00l3m1o530.1 SIVpEN-118208r2024-08-22 00:00:00s2024-07-25t1v1295.00yEN